<?xml version="1.0" encoding="UTF-8"?>
<record
    xmlns:xsi="http://www.w3.org/2001/XMLSchema-instance"
    xsi:schemaLocation="http://www.loc.gov/MARC21/slim http://www.loc.gov/standards/marcxml/schema/MARC21slim.xsd"
    xmlns="http://www.loc.gov/MARC21/slim">

  <leader>02421cam a22002778a 4500</leader>
  <controlfield tag="001">16979243</controlfield>
  <controlfield tag="003">PACU</controlfield>
  <controlfield tag="005">20141103134055.0</controlfield>
  <controlfield tag="008">110927s2012    nyu      b    001 0 eng  </controlfield>
  <datafield tag="010" ind1=" " ind2=" ">
    <subfield code="a">  2011038057</subfield>
  </datafield>
  <datafield tag="020" ind1=" " ind2=" ">
    <subfield code="a">9780415886819 (hardback)</subfield>
  </datafield>
  <datafield tag="040" ind1=" " ind2=" ">
    <subfield code="a">PACU</subfield>
    <subfield code="c">PACU</subfield>
    <subfield code="b">eng</subfield>
  </datafield>
  <datafield tag="050" ind1="0" ind2="0">
    <subfield code="a">RJ505.P6</subfield>
    <subfield code="b">L26 2012</subfield>
  </datafield>
  <datafield tag="100" ind1="1" ind2=" ">
    <subfield code="a">Landreth, Garry L.</subfield>
    <subfield code="9">4076</subfield>
  </datafield>
  <datafield tag="245" ind1="1" ind2="0">
    <subfield code="a">Play therapy :</subfield>
    <subfield code="b">the art of the relationship /</subfield>
    <subfield code="c">Garry Landreth.</subfield>
  </datafield>
  <datafield tag="250" ind1=" " ind2=" ">
    <subfield code="a">3rd ed.</subfield>
  </datafield>
  <datafield tag="260" ind1=" " ind2=" ">
    <subfield code="a">New York, NY :</subfield>
    <subfield code="b">Brunner-Routledge,</subfield>
    <subfield code="c">2012.</subfield>
  </datafield>
  <datafield tag="300" ind1=" " ind2=" ">
    <subfield code="a">xviii, 422p.</subfield>
    <subfield code="b">col. ill.</subfield>
    <subfield code="c">24 cm</subfield>
  </datafield>
  <datafield tag="504" ind1=" " ind2=" ">
    <subfield code="a">Includes bibliographical references and index.</subfield>
  </datafield>
  <datafield tag="520" ind1=" " ind2=" ">
    <subfield code="a">"Play Therapy: The Art of the Relationship is a text for graduate-level counseling students in play therapy courses. It provides comprehensive and detailed information for creating therapeutic relationships with children and facilitating the play therapy process. Landreth stresses the importance of understanding the child's world and perspective, allowing play therapists to fully connect with them. Although there is this emphasis on the experiential aspect, the relevant research and theory are still considered. The author presents descriptions of play and the history of play therapy, child and therapist characteristics, play room set-up and materials, working with parents. Guidelines, transcripts, and case examples are provided for governing sensitive issues at every stage of the therapeutic process, from the first meeting to the end of the relationship. This new edition will incorporate the relevant research that has taken place since the publication of the previous, and includes new sections on supervision of play therapists, legal and ethical issues, and multicultural considerations in play therapy"--</subfield>
    <subfield code="c">Provided by publisher.</subfield>
  </datafield>
  <datafield tag="520" ind1=" " ind2=" ">
    <subfield code="a">"This is a text for graduate-level counseling students in play therapy courses. It provides comprehensive and detailed information for creating therapeutic relationships with children and facilitating the play therapy process. Landreth stresses the importance of understanding the child's world and perspective, allowing play therapists to fully connect with them"--</subfield>
    <subfield code="c">Provided by publisher.</subfield>
  </datafield>
  <datafield tag="650" ind1=" " ind2="0">
    <subfield code="a">Play therapy.</subfield>
    <subfield code="9">4077</subfield>
  </datafield>
  <datafield tag="650" ind1=" " ind2="7">
    <subfield code="a">PSYCHOLOGY / Psychotherapy / Counseling</subfield>
    <subfield code="2">bisacsh.</subfield>
    <subfield code="9">4078</subfield>
  </datafield>
  <datafield tag="650" ind1=" " ind2="7">
    <subfield code="a">PSYCHOLOGY / Mental Health</subfield>
    <subfield code="2">bisacsh.</subfield>
    <subfield code="9">4079</subfield>
  </datafield>
  <datafield tag="942" ind1=" " ind2=" ">
    <subfield code="2">lcc</subfield>
    <subfield code="c">BK</subfield>
    <subfield code="h">RJ 505</subfield>
    <subfield code="i">.P6L26</subfield>
    <subfield code="m">2012</subfield>
  </datafield>
  <datafield tag="952" ind1=" " ind2=" ">
    <subfield code="0">0</subfield>
    <subfield code="1">0</subfield>
    <subfield code="2">lcc</subfield>
    <subfield code="4">0</subfield>
    <subfield code="7">0</subfield>
    <subfield code="a">PAC</subfield>
    <subfield code="b">PAC</subfield>
    <subfield code="c">GEN</subfield>
    <subfield code="d">2014-11-03</subfield>
    <subfield code="e">Purchase</subfield>
    <subfield code="l">8</subfield>
    <subfield code="m">2</subfield>
    <subfield code="o">RJ505.P6 L26 2012</subfield>
    <subfield code="p">20994</subfield>
    <subfield code="r">2021-10-04 00:00:00</subfield>
    <subfield code="s">2021-09-30</subfield>
    <subfield code="w">2014-11-03</subfield>
    <subfield code="y">BK</subfield>
  </datafield>
  <datafield tag="999" ind1=" " ind2=" ">
    <subfield code="c">27256</subfield>
    <subfield code="d">27256</subfield>
  </datafield>
</record>
